Catálogo
 En Linea

Cristina Fernández Cubas : (Registro nro. 42364)

Detalles MARC
000 -CABECERA
campo de control de longitud fija 00839nam a2200205 a 4500
001 - NÚMERO DE CONTROL
campo de control 000042875
005 - FECHA Y HORA DE LA ÚLTIMA TRANSACCIÓN
campo de control 20201002040450.0
008 - DATOS DE LONGITUD FIJA--INFORMACIÓN GENERAL
campo de control de longitud fija 140211s2007 sp 000 0 spa d
020 ## - NÚMERO INTERNACIONAL ESTÁNDAR DEL LIBRO
Número Internacional Estándar del Libro 9788476356937
040 ## - FUENTE DE LA CATALOGACIÓN
Centro catalogador/agencia de origen DO-SdBNP
Lengua de catalogación spa
Centro/agencia transcriptor BNPHU
082 ## - NÚMERO DE LA CLASIFICACIÓN DECIMAL DEWEY
Número de clasificación xxx
Número de documento/Ítem xxx
111 2# - ENTRADA PRINCIPAL--NOMBRE DE CONGRESO/REUNIÓN
Nombre de congreso/reunión o jurisdicción como elemento de entrada Grand seminaire de Neuchâtel, Coloquio Internacional Cristina Fernández Cubas
Fecha del congreso/reunión 17-19 de mayo de 2005 :
Sede del congreso/Lugar de la reunión Madrid)
9 (RLIN) 70293
245 10 - MENCIÓN DE TÍTULO
Título Cristina Fernández Cubas :
Resto del título Grand séminaire de Neuchâtel (2005).
260 ## - PUBLICACIÓN, DISTRIBUCIÓN, ETC.
Lugar de publicación, distribución, etc. Madrid :
Nombre del editor, distribuidor, etc. Arco/Libros,
Fecha de publicación, distribución, etc. 2007.
490 1# - MENCIÓN DE SERIE
Mención de serie Cuadernos de narrativa
500 ## - NOTA GENERAL
Nota general En la portada: Centro de Investigación de Narrativa Española, Universidad de Neuchâtel .
500 ## - NOTA GENERAL
Nota general Incluye referencias bibliográficas y notas al pie de las páginas.
504 ## - NOTA DE BIBLIOGRAFÍA, ETC.
Nota de bibliografía, etc. Bibliografía: p. [197]-204
830 #0 - PUNTO DE ACCESO ADICIONAL DE SERIE-TÍTULO UNIFORME
Título uniforme Cuadernos de narrativa
9 (RLIN) 69549
Existencias
Estado de retiro Estado de pérdida Restricciones de uso No para préstamo Código de colección Localización permanente Ubicación/localización actual Ubicación en estantería Fecha de adquisición Número de inventario Total de préstamos Signatura topográfica completa Código de barras Fecha visto por última vez Precio válido a partir de Tipo de ítem Koha
      Excluido de préstamo Monografías: Libros y Folletos General General En catalogación 11.02.2014 LF1   xxx xxx 42875-10 25.06.2020 25.06.2020 No se presta

Con tecnología Koha